01288nam a22003017a 4500003000400000005001700004008004100021040002200062082001800084100002500102245003000127260006000157300002100217366000800238490002800246505001200274505009100286505022000377505001200597650005500609650004700664650004800711650004300759650004500802650005600847650004700903700003600950OSt20230622103447.0221006b |||||||| |||| 00| 0 eng d cBiblioteca Lado V a709.05bG851a aGriffin, Timeeditor aArtforum/bInternacional/ aNew Yorkc2002bNew York editorial and business offices c26.5x27cma208p. eeng aSUMMERv2002x0864-1315 tLETTERS tCOLUMNSaENTRIES ON SITE FILM MUSEUMS DESIGN HOTLIST SLANT TOP TEN 10-20-30-40 tFEATURESaPLANES, TRAINS, AUTOMOBILES BANNED AND DETERMINED: GENE SWENSON A THOUSAND WORDS: FRANCIS ALYS IDOL CHAT: THE FILMS OF ANDY WARHOL ARTIST CURATE: MOOD SWING PAINTING RICHTER OPENINGS: TRISHA DONNELLY tREVIEWS 2Tesauro de Arte & ArquitecturaaARTE COMTEMPORANEO 2Tesauro de Arte & ArquitecturaaFOTOGRAFIA 2Tesauro de Arte & ArquitecturaaARTE VISUAL 2Tesauro de Arte & ArquitecturaaLIBROS 2Tesauro de Arte & ArquitecturaaNOTICIAS 2 Tesauro de Arte & ArquitecturaaARTE INTERNACIONAL 2 Tesauro de Arte & ArquitecturaaESCULTURA aNavarreta, Jose Antonioeeditor